Effect of seedling ages and hill spacing on growth and yield of phaka rumdoul rice variety ឥទ្ធិពលអាយុសំណាប និងចន្លោះគុម្ពលើការលូតសាស់និងទិន្នផលនៃដំណាំស្រូវផ្ការំដួល (Record no. 848)
[ view plain ]
| 000 -LEADER | |
|---|---|
| fixed length control field | 00677nam a22001577a 4500 |
| 003 - CONTROL NUMBER IDENTIFIER | |
| control field | OSt |
| 005 - DATE AND TIME OF LATEST TRANSACTION | |
| control field | 20150919152045.0 |
| 008 - FIXED-LENGTH DATA ELEMENTS--GENERAL INFORMATION | |
| fixed length control field | 150919b xxu||||| |||| 00| 0 eng d |
| 040 ## - CATALOGING SOURCE | |
| Transcribing agency | RUA |
| 082 ## - DEWEY DECIMAL CLASSIFICATION NUMBER | |
| Classification number | AGR HEN 2008 B036 OR.1 |
| 100 ## - MAIN ENTRY--PERSONAL NAME | |
| 9 (RLIN) | 880 |
| Personal name | HENG, CHHAN. |
| 245 ## - TITLE STATEMENT | |
| Title | Effect of seedling ages and hill spacing on growth and yield of phaka rumdoul rice variety ឥទ្ធិពលអាយុសំណាប និងចន្លោះគុម្ពលើការលូតសាស់និងទិន្នផលនៃដំណាំស្រូវផ្ការំដួល |
| 260 ## - PUBLICATION, DISTRIBUTION, ETC. (IMPRINT) | |
| Place of publication, distribution, etc. | Phnom Penh |
| Name of publisher, distributor, etc. | RUA |
| Date of publication, distribution, etc. | 2008 |
| 300 ## - PHYSICAL DESCRIPTION | |
| Extent | xi; 44p. |
| Other physical details | ill. |
| Dimensions | 29cm. |
| 942 ## - ADDED ENTRY ELEMENTS (KOHA) | |
| Source of classification or shelving scheme | |
| Koha item type | AGR |
| Price effective from | Date last seen | Permanent Location | Not for loan | Date acquired | Source of classification or shelving scheme | Koha item type | Lost status | Withdrawn status | Date last checked out | Total Checkouts | Shelving location | Damaged status | Barcode | Current Location | Full call number |
|---|---|---|---|---|---|---|---|---|---|---|---|---|---|---|---|
| 2015-09-19 | 2015-09-19 | Library Block B | 2015-09-19 | AGR | B036 | RUA002360 | Library Block B | AGR HEN 2008 B036 OR.1 | |||||||
| 2015-09-19 | 2015-09-19 | Library Block B | 2015-09-19 | AGR | B036 | RUA002937 | Library Block B | AGR HEN 2008 B036 OR.2 | |||||||
| 2015-09-19 | 2015-09-19 | Library Block B | 2015-09-19 | AGR | B036 | RUA002793 | Library Block B | AGR HEN 2008 B036 OR.3 | |||||||
| 2015-09-19 | 2015-09-19 | Library Block B | 2015-09-19 | AGR | B036 | RUA002345 | Library Block B | AGR HEN 2008 B036 OR.4 | |||||||
| 2015-09-20 | 2016-05-02 | Library Block B | 2015-09-20 | AGR | 2016-04-01 | 1 | B036 | RUA000415 | Library Block B | AGR HEN 2008 B036 OR.5 | |||||
| 2015-09-20 | 2015-09-20 | Library Block B | 2015-09-20 | AGR | B036 | RUA000343 | Library Block B | AGR HEN 2008 B036 OR.6 |